Statistics for Twenty One Pilots guess the song (easy)

Click here to take the quiz!

General Stats

  • This quiz has been taken 600 times
  • The average score is 11 of 15

Answer Stats

HintAnswer% Correct
Wish we could turn back time, to the good ol’ daysStressed out
95%
I’m falling so I’m taking my time on...Ride
94%
She asked me, "Son, when I grow old, Will you...House of gold
93%
Sometimes quiet is violent I find it hard to hide itCar radio
90%
Gangsters don’t cry, Therefore, therefore I’m, Mr. Misty-eyed, therefore I’m.Heavydirtysoul
90%
They think this thing is a highway, highway, But will they be alive tomorrow?Lane boy
79%
I know where you stand Silent in...Trees
79%
I wake up fine and dandy but then by the time I find it handy, to rip my heart apart and start planning my crash landingOde to sleep
68%
It's the few, the proud and the emotionalFairly Local
66%
My pretty weeper your twisted thoughts are like snow on the rooftopsOh Ms Believer
65%
I'm standing in front of you, I'm trying to be so cool, Everything together trying to be so coolScreen
63%
You don’t know my brain the way you know my name, You don’t know my heart the way you know my faceMessage man
60%
Who's addicted to the wind, As it blows me back and forth, Mindless, spineless, and pretendAddict with a pen
57%
Remove your hands from over your eyes for me...Friend, please
57%
You say that you are close, is close the closest star? You just feel twice as far, you just feel twice as farFake you out
53%

Score Distribution

Percentile by Number Answered

Percent of People with Each Score

Your Score History

You have not taken this quiz